[Event "ch-GRE"]
[Site "Athens GRE"]
[Date "2004.12.07"]
[Round "4"]
[White "Kapnisis,S"]
[Black "Skembris,S"]
[Result "0-1"]
[WhiteElo "2435"]
[BlackElo "2446"]

1.d4 d6 2.e4 Nf6 3.Nc3 Nbd7 4.Nf3 e5 5.Bc4 Be7 6.O-O O-O 7.h3 c6 8.a4 b6
9.Qe2 a6 10.Rd1 Qc7 11.Bg5 Kh8 12.Nh4 Ng8 13.Qd2 Bxg5 14.Qxg5 exd4 15.Rxd4 Ne5
16.Be2 Be6 17.Rad1 f6 18.Qg3 Nf7 19.Bh5 Ngh6 20.Ne2 g5 21.Nf3 b5 22.h4 Qe7
23.R4d2 c5 24.Nc3 bxa4 25.hxg5 fxg5 26.Nd5 Bxd5 27.Rxd5 Rg8 28.e5 dxe5 29.Nxe5 Nxe5
30.Rxe5 Qf6 31.Rde1 Raf8 32.Re6 Qg7 33.Re7 Qxb2 34.Qc7 Rg7 35.R1e5 Qc1+ 36.Re1 Qxe1+  0-1

[Event "It"]
[Site "Legnica POL"]
[Date "2004.12.08"]
[Round "8"]
[White "Stolz,M"]
[Black "Cyborowski,L"]
[Result "1/2-1/2"]
[WhiteElo "2412"]
[BlackElo "2564"]

1.e4 d6 2.d4 Nf6 3.Nc3 e5 4.Nf3 Nbd7 5.Bc4 Be7 6.O-O O-O 7.a4 c6 8.Ba2 a5
9.Re1 exd4 10.Nxd4 Nc5 11.h3 Qb6 12.Nb3 Be6 13.Nxc5 Qxc5 14.Be3 Qb4 15.Bd2 Qb6
16.Qc1 Bxa2 17.Rxa2 Rfe8 18.Ra3 Rad8 19.Rb3 Qc7 20.Nd1 Bf8 21.Rbe3 Re6 22.c4 Rde8
23.Qc2 g6 24.R3e2 Bg7 25.Bc3 Nd7 26.Bxg7 Kxg7 27.Re3 Qb6 28.g3 Nc5 29.Kg2 Qb4
30.b3 Kg8 31.R1e2 R6e7 32.Re1 Qb6 33.R1e2 h5 34.h4 Nd7 35.Re1 Nf6 36.R3e2 Qd4
37.Qc3 Qxc3 38.Nxc3 Re6 39.Rd1 Kf8 40.Red2 Nxe4  1/2-1/2

[Event "Asian Women"]
[Site "Beirut LIB"]
[Date "2004.12.09"]
[Round "6"]
[White "Pourkashiyan,A"]
[Black "Vijayalakshmi,S"]
[Result "0-1"]
[WhiteElo "2217"]
[BlackElo "2411"]

1.e4 d6 2.d4 Nf6 3.Nc3 e5 4.dxe5 dxe5 5.Qxd8+ Kxd8 6.Nf3 Bd6 7.Bc4 Ke7 8.Bg5 c6
9.O-O-O Bc7 10.Nh4 h6 11.Be3 b6 12.h3 g6 13.g4 Be6 14.Be2 Nbd7 15.Ng2 b5
16.f4 exf4 17.Nxf4 Bb6 18.Bxb6 axb6 19.Nxe6 Kxe6 20.a4 b4 21.Bc4+ Ke7 22.e5 Nxe5
23.Rhe1 Nd7 24.Na2 Kf6 25.Rf1+ Kg5 26.Bxf7 Rhf8 27.Bb3 Rxf1 28.Rxf1 c5 29.Rd1 Ra7
30.Be6 Nf6 31.c3 Rxa4 32.cxb4 c4 33.Kb1 b5 34.Nc3 Ra6 35.Bc8 Rb6 36.Rf1 Kh4
37.Rf4 Nd3 38.Rd4 g5 39.Rd8 Kxh3 40.Rh8 Nxg4 41.Ne4 Kh4 42.Rf8 Nf4 43.Rd8 Nf6
44.Nd6 g4 45.Nf5+ Kg5 46.Rh8 h5 47.Kc2 Ng6 48.Rd8 h4 49.Nd4 h3 50.Ne6+ Rxe6
51.Bxe6 h2 52.Rd1 g3 53.Bd5 Nxd5 54.Rxd5+ Kg4 55.Rd4+ Nf4  0-1

[Event "Bykova Mem"]
[Site "Vladimir RUS"]
[Date "2004.12.09"]
[Round "3"]
[White "Dembo,Y"]
[Black "Velikhanli,F"]
[Result "1-0"]
[WhiteElo "2396"]
[BlackElo "2322"]

1.e4 d6 2.d4 Nf6 3.Nc3 c6 4.f4 Qa5 5.Bd3 e5 6.Nf3 Bg4 7.Be3 Nbd7 8.O-O Be7
9.Qe1 Bxf3 10.Rxf3 O-O 11.Kh1 exd4 12.Bxd4 Nc5 13.Bxc5 Qxc5 14.e5 dxe5 15.fxe5 Nd7
16.e6 Nf6 17.exf7+ Rxf7 18.Qe6 Rf8 19.Ne4 Nxe4 20.Qxe4 Rxf3 21.Qxh7+ Kf7
22.Qg6+ Kg8 23.Qh7+ Kf7 24.gxf3 Qe5 25.f4 Qd5+ 26.Be4 Qc5 27.Re1 Rd8 28.Bg6+ Kf6
29.Bh5 Qd5+ 30.Re4  1-0

[Event "Bundesliga 2004-5"]
[Site "Porz GER"]
[Date "2004.12.11"]
[Round "5"]
[White "Ginsburg,G"]
[Black "Glek,I"]
[Result "1-0"]
[WhiteElo "2481"]
[BlackElo "2580"]

1.e4 d6 2.d4 Nf6 3.Nc3 e5 4.Nf3 Nbd7 5.Bc4 Be7 6.O-O O-O 7.Re1 c6 8.a4 a5
9.h3 exd4 10.Nxd4 Nc5 11.Qf3 Be6 12.Bf1 Qb6 13.b3 Rfe8 14.Bb2 Nfd7 15.Rad1 Bf6
16.Qe3 Na6 17.Bxa6 Rxa6 18.f4 Nf8 19.Kh1 Raa8 20.Qg3 Rad8 21.f5 Be5 22.Qg4 Bc8
23.Nf3 f6 24.Nxe5 dxe5 25.Ba3 Qf2 26.Qe2 Qxe2 27.Nxe2 b6 28.Bd6 Rd7 29.Nc3 Red8
30.Bc7 Rxd1 31.Nxd1 Rd2 32.Bxb6 Rxc2 33.Bxa5 Rb2 34.Nxb2  1-0

[Event "Bundesliga 2004-5"]
[Site "Porz GER"]
[Date "2004.12.11"]
[Round "5"]
[White "Drabke,L"]
[Black "Lorscheid,G"]
[Result "0-1"]
[WhiteElo "2433"]
[BlackElo "2274"]

1.e4 d6 2.d4 Nf6 3.Nc3 e5 4.f4 exd4 5.Qxd4 Nc6 6.Bb5 Bd7 7.Qf2 Be7 8.Nf3 a6
9.Bd3 O-O 10.Bd2 Nb4 11.O-O c5 12.e5 Nxd3 13.cxd3 Ng4 14.Qg3 Nh6 15.Nd5 Nf5
16.Qe1 Bc6 17.Ba5 b6 18.Bxb6 Qd7 19.Nxe7+ Qxe7 20.Ba5 Bxf3 21.Rxf3 Nd4 22.Rf2 Rae8
23.exd6 Qxd6 24.Qf1 Re6 25.Re1 Rfe8 26.Rxe6 Qxe6 27.a3 Qe3 28.Bd2 Ne2+ 29.Kh1 Qxd2  0-1

[Event "ch-GRE"]
[Site "Athens GRE"]
[Date "2004.12.12"]
[Round "9"]
[White "Kotronias,V"]
[Black "Skembris,S"]
[Result "1-0"]
[WhiteElo "2599"]
[BlackElo "2446"]

1.e4 d6 2.d4 Nf6 3.Nc3 e5 4.dxe5 dxe5 5.Qxd8+ Kxd8 6.Bc4 Bb4 7.Bd2 Ke7 8.O-O-O Nbd7
9.Nf3 c6 10.Nd5+ Nxd5 11.exd5 Bxd2+ 12.Nxd2 cxd5 13.Bxd5 Nb6 14.Bb3 f6 15.Rhe1 Rd8
16.a4 a5 17.f4 Bg4 18.fxe5 Bxd1 19.exf6+ Kd7 20.Re7+ Kc6 21.fxg7 Bg4 22.h3 Nd5
23.Re5 Nf6 24.hxg4 Re8 25.Nf3 h6 26.Rf5 Ng8 27.Nd4+ Kb6 28.Bxg8 Rxg8 29.Rf7 Rac8
30.Nf5 Rc7 31.Rf6+ Kc5 32.Rxh6 Kb4 33.Rb6+ Kxa4 34.Kb1 Re8 35.c3 Rd7 36.Nd6 Rdd8
37.b3+ Ka3 38.Nc4+  1-0

[Event "It"]
[Site "Subotica SCG"]
[Date "2004.12.12"]
[Round "4"]
[White "Palkovi,J"]
[Black "Kizov,A"]
[Result "1/2-1/2"]
[WhiteElo "2426"]
[BlackElo "2355"]

1.e4 d6 2.d4 Nf6 3.Nc3 e5 4.Nf3 Nbd7 5.Bc4 Be7 6.O-O O-O 7.Re1 c6 8.a4 a5
9.b3 exd4 10.Nxd4 Nc5 11.h3 Be6 12.Bf1 Qb6 13.Bg5 Qb4 14.Qd2 Rad8 15.Rad1 Rfe8
16.Qe3 h6 17.Bf4 Bf8 18.Qf3 Bc8 19.Na2 Qb6 20.Nc3 Qb4 21.Na2 Qb6 22.e5 dxe5
23.Rxe5 Ne6 24.Nxe6 Rxd1 25.Qxd1  1/2-1/2

[Event "It Chiburdanidze"]
[Site "Tblisi GEO"]
[Date "2004.12.13"]
[Round "11"]
[White "Mikadze,M"]
[Black "Nikoladze,S"]
[Result "1-0"]
[WhiteElo "2172"]
[BlackElo "2242"]

1.e4 d6 2.d4 Nf6 3.Nc3 e5 4.dxe5 dxe5 5.Qxd8+ Kxd8 6.Bc4 Be6 7.Bxe6 fxe6
8.f3 Bb4 9.Ne2 Nc6 10.Be3 a6 11.O-O-O+ Ke7 12.a3 Bd6 13.Rd3 b5 14.Nd1 Na5
15.Kb1 c5 16.Nf2 Nc6 17.Rhd1 Nd4 18.c3 c4 19.R3d2 Nxe2 20.Rxd6 Nf4 21.g3 Ng6
22.Bg5 Rad8 23.Rxd8 Rxd8 24.Rxd8 Kxd8 25.Ng4 Ke7 26.b3 cxb3 27.Kb2 h5 28.Nf2 Kd6
29.Kxb3 Nd7 30.Nd3 Ne7 31.a4 Nb6 32.Be3 Ng6 33.Kb4 Nc4 34.Bc1 Kc6 35.a5 Nf8
36.Nc5 Nxa5 37.Kxa5 Kxc5 38.Ba3+ Kc4 39.Bxf8  1-0

[Event "It"]
[Site "Subotica SCG"]
[Date "2004.12.15"]
[Round "8"]
[White "Vidic,S"]
[Black "Dumpor,A"]
[Result "1/2-1/2"]
[WhiteElo "2267"]
[BlackElo "2382"]

1.e4 d6 2.d4 Nf6 3.Nc3 e5 4.Nf3 Nbd7 5.Bc4 Be7 6.O-O O-O 7.dxe5 dxe5 8.Qe2 c6
9.a4 Qc7 10.h3 Nc5 11.Bg5 Ne6 12.Be3 Nh5 13.Bxe6 Bxe6 14.Ng5 Bxg5 15.Bxg5 Nf4
16.Bxf4 exf4 17.Qh5 Rae8 18.Rfe1 f6 19.Rad1 b6 20.Qf3 Qe5 21.Qd3 Qg5 22.Ne2 Bf7
23.Nd4 Qe5 24.Nxc6 Qxb2 25.Nxa7 Ra8 26.Nc6 Rxa4 27.Rb1 Qa2 28.Rxb6 Rc4 29.Qd6 h6
30.Ne7+ Kh7 31.Nd5 Kg8 32.Ne7+ Kh7 33.Nd5 Kg8 34.Ne7+  1/2-1/2

[Event "zt 3.1"]
[Site "Beirut LIB"]
[Date "2004.12.16"]
[Round "3"]
[White "Kassis,A"]
[Black "Khairallah,F"]
[Result "0-1"]
[WhiteElo "2221"]
[BlackElo "2323"]

1.e4 d6 2.d4 Nf6 3.Nc3 e5 4.Nf3 Nbd7 5.Bc4 Be7 6.O-O O-O 7.Re1 c6 8.a4 b6
9.b3 a6 10.d5 c5 11.h3 Ne8 12.Ne2 g6 13.Bh6 Ng7 14.g4 f5 15.gxf5 gxf5 16.exf5 Rxf5
17.Ng3 Qf8 18.Nxf5 Qxf5 19.Bxg7 Kxg7 20.Nh2 Nf6 21.Re3 Nh5 22.Qg4+ Qg5 23.Qxg5+ Bxg5
24.Rc3 Bf5 25.Rd1 Nf4 26.Bf1 Kf7 27.Kh1 h5 28.b4 Kf6 29.bxc5 bxc5 30.Nf3 Be4
31.Kh2 Bh6 32.Nd2 Bf5 33.Nc4 Ke7 34.Ne3 Be4 35.Rb1 Nxd5 36.Rc4 Bf4+ 37.Kg1 Rg8+
38.Ng2 Bf5 39.Rb3 e4 40.Kh1 Be5 41.Ne3 Nxe3 42.Rxe3 Bd4 43.Rg3 Rb8 44.c3 Bxf2
45.Rg5 Kf6 46.Rg2 Be3 47.Re2 Bf4 48.Rcxe4 Bxe4+ 49.Rxe4 Be5 50.Bxa6 Bxc3
51.Be2 d5 52.Re3 Bd4 53.Rf3+ Ke5 54.Rg3 Rb1+ 55.Kg2 Rg1+ 56.Kf3 h4 57.Rxg1 Bxg1
58.Bb5 c4 59.Ke2 Bb6 60.Kd2 Kd4 61.Be8 Ba5+ 62.Kc2 Kc5 63.Bf7 Bb4 64.Bg8 Kd4
65.Bf7 Kc5 66.Bg8 d4 67.Bh7 Ba5 68.Bg6 Kb4 69.Be8 Bc7 70.Bd7 Bf4 71.Be8 d3+  0-1

[Event "zt 3.1"]
[Site "Beirut LIB"]
[Date "2004.12.16"]
[Round "4"]
[White "Hakki,I"]
[Black "Khairallah,F"]
[Result "1-0"]
[WhiteElo "2449"]
[BlackElo "2323"]

1.d4 d6 2.e4 Nf6 3.Nc3 e5 4.Nf3 Nbd7 5.Bc4 Be7 6.O-O O-O 7.a4 c6 8.Re1 b6
9.d5 cxd5 10.Nxd5 Nxd5 11.Bxd5 Rb8 12.a5 Qc7 13.axb6 Nxb6 14.Bb3 h6 15.Be3 Kh7
16.Nd2 f5 17.exf5 Bxf5 18.c4 Kh8 19.Qh5 Kh7 20.Rec1 Rb7 21.Bd1 Bg6 22.Qh3 Nc8
23.b3 Bf6 24.Bf3 e4 25.Nxe4 Bxa1 26.Ng5+ Kh8 27.Ne6 Rxf3 28.Qxf3 Qe7 29.Rxa1 Rxb3
30.Qg4 Kh7 31.Bd4 Nb6 32.h4 Qf7 33.Nxg7 Rb1+ 34.Rxb1 Bxb1 35.Nh5 Bf5 36.Qg3 Nd7
37.Qxd6 Qxc4 38.Qe7+ Kg6 39.Nf4+  1-0

[Event "Open"]
[Site "Lindsborg USA"]
[Date "2004.12.21"]
[Round "8"]
[White "Moiseenko,A"]
[Black "Khachiyan,M"]
[Result "1-0"]
[WhiteElo "2653"]
[BlackElo "2468"]

1.d4 d6 2.e4 Nf6 3.Nc3 e5 4.Nge2 exd4 5.Nxd4 g6 6.Bf4 Bg7 7.Qd2 Nc6 8.Nxc6 bxc6
9.O-O-O O-O 10.Bh6 Be6 11.Bxg7 Kxg7 12.f4 Nd7 13.h4 Bg4 14.Be2 Bxe2 15.Nxe2 Qf6
16.e5 Qe6 17.Kb1 Rab8 18.h5 Qc4 19.hxg6 fxg6 20.exd6 cxd6 21.Qxd6 Rb7 22.Nd4 Rf6
23.Qe7+ Rf7 24.Qe4 Qc3 25.b3 Nf8 26.Nxc6 Rbc7 27.Rd6 a5 28.Qe5+ Qxe5 29.fxe5  1-0

[Event "Asian Juniors"]
[Site "Bikaner IND"]
[Date "2004.12.22"]
[Round "1"]
[White "Foudzi,J"]
[Black "Poobesh Anand,S"]
[Result "0-1"]
[WhiteElo "2078"]
[BlackElo "2367"]

1.e4 d6 2.d4 Nf6 3.Nc3 Nbd7 4.Be3 e5 5.d5 Be7 6.f3 c6 7.Qd2 cxd5 8.exd5 O-O
9.Nge2 Ne8 10.O-O-O a6 11.g4 b5 12.Ng3 Nb6 13.h4 Rb8 14.b3 b4 15.Nce4 Nc7
16.Bc4 Nxc4 17.bxc4 Re8 18.Nf5 a5 19.h5 Bxf5 20.gxf5 a4 21.Rdg1 Kh8 22.h6 g6
23.fxg6 fxg6 24.f4 Bf6 25.Nxf6 Qxf6 26.fxe5 dxe5 27.Rf1 Qd6 28.Qf2 b3 29.Bc5 Qd7
30.cxb3 axb3 31.axb3 Kg8 32.Rh3 Rbc8 33.Rf3 Qd8 34.Rf7  0-1

[Event "XIII Open"]
[Site "Erandio ESP"]
[Date "2004.12.22"]
[Round "7"]
[White "Bojkov,D"]
[Black "Trigo Urquijo,S"]
[Result "1-0"]
[WhiteElo "2475"]
[BlackElo "2062"]

1.e4 d6 2.d4 Nf6 3.Nc3 e5 4.Nf3 Nbd7 5.Bc4 Be7 6.O-O O-O 7.Re1 c6 8.a4 b6
9.Ba2 Bb7 10.dxe5 dxe5 11.Nh4 g6 12.Bh6 Re8 13.Qf3 Bf8 14.Bg5 Bg7 15.Rad1 Qe7
16.Rxd7 Qxd7 17.Bxf6 Bxf6 18.Qxf6 Qe7 19.Qxe7 Rxe7 20.Rd1 Kf8 21.Nf3 h6 22.h4 f6
23.Rd6 Kg7 24.h5 g5 25.Ne2 Rc7 26.Ng3 Rf8 27.Nf5+ Kh7 28.Nxe5 c5 29.Nd7  1-0

[Event "Open A"]
[Site "Bethune FRA"]
[Date "2004.12.26"]
[Round "1"]
[White "Abouan,S"]
[Black "Bojkov,D"]
[Result "0-1"]
[WhiteElo "2102"]
[BlackElo "2475"]

1.e4 d6 2.d4 Nf6 3.Nc3 e5 4.Nf3 Nbd7 5.Bc4 Be7 6.O-O O-O 7.Re1 c6 8.a4 a5
9.b3 exd4 10.Qxd4 Qc7 11.Bb2 Ne5 12.Be2 Nh5 13.Qd2 Rd8 14.Nd4 Nf6 15.Rad1 Qb6
16.Qf4 Ng6 17.Qg3 Qc5 18.h3 Nh5 19.Bxh5 Qxh5 20.Nf3 Qc5 21.Nd4 Bf6 22.Qe3 Bg5
23.Qg3 Bf4 24.Qf3 Qg5 25.Nde2 Nh4  0-1

[Event "Czech Christmas"]
[Site "Litomysl CZE"]
[Date "2004.12.26"]
[Round "1"]
[White "Ruzicka,M"]
[Black "Neuman,P"]
[Result "0-1"]
[WhiteElo "2069"]
[BlackElo "2433"]

1.d4 d6 2.e4 Nf6 3.Nc3 e5 4.dxe5 dxe5 5.Qxd8+ Kxd8 6.Bg5 Be6 7.O-O-O+ Nd7
8.Nf3 Kc8 9.Bb5 c6 10.Ba4 Bb4 11.Bxf6 gxf6 12.Bb3 Nc5 13.Bxe6+ fxe6 14.Rhe1 Bxc3
15.bxc3 Kc7 16.Nd2 Rhg8 17.g3 Rad8 18.f3 b5 19.Nb1 Rxd1+ 20.Rxd1 f5 21.exf5 exf5
22.Re1 Kd6 23.Kd2 h5 24.Ke3 h4 25.Kf2 hxg3+ 26.hxg3 Rh8 27.Kg2 Na4 28.a3 Ke6
29.Rd1 Nb6 30.Rh1 Rxh1 31.Kxh1 Nc4 32.Kg1 e4 33.Kf2 e3+ 34.Ke2 f4 35.g4 a5
36.Kd3 a4 37.Ke2 c5 38.Kd3 Ne5+ 39.Ke2  0-1

[Event "20th Open"]
[Site "Nice FRA"]
[Date "2004.12.26"]
[Round "1"]
[White "Sanchez,Joseph"]
[Black "Drogou,G"]
[Result "1/2-1/2"]
[WhiteElo "2430"]
[BlackElo "2094"]

1.e4 d6 2.d4 Nf6 3.Nc3 e5 4.Nf3 Nbd7 5.Bc4 h6 6.O-O c6 7.a4 Qc7 8.Qd3 exd4
9.Qxd4 Ne5 10.Nxe5 dxe5 11.Qe3 Be7 12.b3 O-O 13.Bb2 Nh5 14.Ne2 Bg5 15.Qc5 Re8
16.Rfd1 Nf6 17.Ng3 Qb6 18.Qxb6 axb6 19.Rd6 Bf4 20.Rad1 Bxg3 21.hxg3 Nxe4
22.Rd8 Bf5 23.Rxa8 Rxa8 24.g4 Bg6 25.Bxe5 Nc5 26.Rd2 Ne6 27.f4 Be4 28.f5 Nc5
29.b4 Nxa4 30.Rd7 Bd5 31.Bd3 Re8 32.Bd4 f6 33.Kf2 b5 34.Rxb7 Be4 35.Rc7 Bd5
36.Rd7 Rb8 37.Be2 Nb6 38.Bxb6 Rxb6 39.Bf3 Bxf3 40.gxf3 Ra6 41.Rc7 Ra2 42.Rxc6 Rb2
43.Ke3 Rxb4 44.c3 Rb3 45.Kd4 b4 46.c4 Rxf3 47.Rb6 h5 48.gxh5 Rxf5 49.Rb5 Rg5
50.c5 Kf7 51.Rxb4 Ke6 52.Rb6+ Kd7 53.h6 gxh6 54.Rxf6 h5 55.Rh6 Kc7 56.Ke4 Rg1
57.Rxh5 Re1+ 58.Kd4 Rd1+  1/2-1/2

[Event "Czech Christmas"]
[Site "Litomysl CZE"]
[Date "2004.12.27"]
[Round "3"]
[White "Schirmbeck,H"]
[Black "Neuman,P"]
[Result "0-1"]
[WhiteElo "2139"]
[BlackElo "2433"]

1.e4 d6 2.d4 Nf6 3.Nc3 e5 4.Nf3 Nbd7 5.Bc4 Be7 6.O-O O-O 7.a4 c6 8.Qe2 exd4
9.Nxd4 Re8 10.f4 d5 11.exd5 Nb6 12.Bb3 c5 13.Ne6 fxe6 14.dxe6 c4 15.Rd1 Bc5+
16.Kh1 Qe7 17.Ba2 Qxe6 18.a5 Qxe2 19.Nxe2 Rxe2 20.axb6 Be6  0-1

[Event "2nd Open"]
[Site "Riva del Garda ITA"]
[Date "2004.12.27"]
[Round "2"]
[White "Brunello,S"]
[Black "Dalponte,D"]
[Result "1-0"]
[WhiteElo "2258"]
[BlackElo "2096"]

1.e4 d6 2.d4 c6 3.Nc3 Nf6 4.f3 Nbd7 5.Be3 Qb6 6.Bc4 Qxb2 7.Nge2 Qb6 8.O-O Qc7
9.a4 e6 10.Bb3 a6 11.f4 d5 12.f5 Bb4 13.fxe6 fxe6 14.e5 Ng4 15.Bd2 Qb6 16.a5 Qa7
17.Na4 Bxd2 18.Qxd2 Nh6 19.Nf4 b5 20.Nxe6 bxa4 21.Nxg7+ Kd8 22.Ne6+ Ke8 23.Qxh6 Nxe5
24.Bxa4 Kd7 25.Qg7+ Kxe6 26.Rf6+  1-0

[Event "21st Open"]
[Site "Boeblinger GER"]
[Date "2004.12.28"]
[Round "4"]
[White "Van Oosterom,C"]
[Black "Moser,E"]
[Result "0-1"]
[WhiteElo "2211"]
[BlackElo "2447"]

1.e4 d6 2.d4 Nf6 3.Nc3 Nbd7 4.f4 e5 5.Nf3 exd4 6.Qxd4 c6 7.Be3 d5 8.exd5 Bc5
9.Qd3 Qe7 10.Nd4 Nb6 11.dxc6 bxc6 12.O-O-O Ba6 13.Qxa6 Qxe3+ 14.Rd2 Bxd4
15.Nd1 Qxf4 16.g3 Qh6 17.Qe2+ Kf8 18.Bg2 Nfd5 19.Re1 Bf6 20.h4 g6 21.c4 Ne7
22.Rf1 Nf5  0-1

[Event "Russian Blitz Internet Cup Superfinal"]
[Site "chessassistantclub.com INT"]
[Date "2004.12.28"]
[Round "8"]
[White "Adams,Mi"]
[Black "Azmaiparashvili,Z"]
[Result "1-0"]
[WhiteElo "2740"]
[BlackElo "2672"]

1.e4 d6 2.d4 Nf6 3.Nc3 e5 4.Nge2 Be7 5.Be3 Ng4 6.Bd2 Nf6 7.f3 c6 8.Be3 b5
9.dxe5 dxe5 10.Qxd8+ Kxd8 11.a4 b4 12.Nb1 Be6 13.Nd2 Kc7 14.Nc1 a5 15.Bc4 Bxc4
16.Nxc4 Nfd7 17.Nb3 c5 18.Nbxa5 Nc6 19.Nxc6 Kxc6 20.b3 f6 21.O-O-O Rhd8 22.Rd5 Nf8
23.Rhd1 Ne6 24.Rxd8 Nxd8 25.c3 bxc3 26.Kc2 Ne6 27.Kxc3 Nd4 28.Bxd4 cxd4+
29.Kd3 g5 30.g3 Rb8 31.Rb1 Kd7 32.a5 Kc6 33.h4 gxh4 34.gxh4 Rg8 35.Ra1 Kb7
36.b4 Rg3 37.a6+ Ka7 38.b5 Rxf3+ 39.Ke2 Rc3 40.b6+ Ka8 41.b7+ Ka7 42.Rb1 Rc2+  1-0

[Event "Russian Blitz Internet Cup Superfinal"]
[Site "chessassistantclub.com INT"]
[Date "2004.12.28"]
[Round "10"]
[White "Grischuk,A"]
[Black "Azmaiparashvili,Z"]
[Result "1-0"]
[WhiteElo "2704"]
[BlackElo "2672"]

1.e4 d6 2.d4 Nf6 3.Nc3 e5 4.Nge2 Be7 5.g3 exd4 6.Nxd4 d5 7.e5 Ng4 8.Bf4 c5
9.Ndb5 d4 10.Nd5 O-O 11.Bg2 Qa5+ 12.Qd2 Bd8 13.Nd6 Qxd2+ 14.Bxd2 Nxe5 15.Nxc8 Re8
16.Nd6 Re6 17.Nf4 Nd3+ 18.Kf1 Nxf4 19.Bxf4 Nd7 20.Nxb7 g5 21.Nxd8 Rxd8 22.Bxg5 Rde8
23.Bd2 Nf6 24.Re1  1-0

[Event "Russian Blitz Internet Cup Superfinal"]
[Site "chessassistantclub.com INT"]
[Date "2004.12.28"]
[Round "12"]
[White "Dreev,A"]
[Black "Azmaiparashvili,Z"]
[Result "0-1"]
[WhiteElo "2698"]
[BlackElo "2672"]

1.d4 d6 2.e4 Nf6 3.Nc3 e5 4.Nf3 Nbd7 5.Bc4 Be7 6.O-O O-O 7.Re1 c6 8.a4 b6
9.b3 Bb7 10.Ba3 a6 11.Bd3 c5 12.dxe5 Nxe5 13.Nxe5 dxe5 14.Bc4 Qc7 15.Qe2 Rfd8
16.Rad1 Rd4 17.Nd5 Nxd5 18.exd5 Bd6 19.Bb2 Rxd1 20.Rxd1 f6 21.Re1 Qf7 22.Qd3 g6
23.h3 Kg7 24.Bc3 Rd8 25.f4 exf4 26.Re6 Be5 27.Bxe5 Qxe6 28.dxe6 Rxd3 29.cxd3 fxe5
30.Bxa6 Bxa6  0-1

[Event "1st GM"]
[Site "Mataro ESP"]
[Date "2004.12.28"]
[Round "3"]
[White "Tissir,M"]
[Black "Comas Fabrego,L"]
[Result "1/2-1/2"]
[WhiteElo "2394"]
[BlackElo "2509"]

1.e4 d6 2.d4 e5 3.Nc3 Nf6 4.Nf3 Nbd7 5.a4 Be7 6.Bc4 O-O 7.O-O c6 8.b3 exd4
9.Qxd4 Nc5 10.Bb2 Bg4 11.Qe3 Re8 12.Ng5 Bh5 13.Qg3 Bf8 14.f3 Bg6 15.Kh1 d5
16.exd5 cxd5 17.Bb5 Nh5 18.Qg4 f5 19.Qh4 h6 20.f4 hxg5 21.fxg5 Re6 22.Rad1 Rd6
23.Nxd5 Ne6 24.Bc4  1/2-1/2

[Event "20th Open"]
[Site "Nice FRA"]
[Date "2004.12.28"]
[Round "5"]
[White "Maze,S"]
[Black "Drogou,G"]
[Result "1-0"]
[WhiteElo "2464"]
[BlackElo "2094"]

1.e4 d6 2.d4 Nf6 3.Nc3 e5 4.Nge2 Be7 5.f3 c6 6.Be3 O-O 7.Qd2 Nbd7 8.g4 b5
9.Ng3 b4 10.Nce2 Nb6 11.b3 Qc7 12.g5 Nfd7 13.Qxb4 exd4 14.Qxd4 Ne5 15.Bg2 f6
16.h4 fxg5 17.hxg5 Nxf3+ 18.Bxf3 Rxf3 19.e5 g6 20.Qe4 Rf7 21.e6 Rg7 22.O-O d5
23.Qg4 c5 24.Rf7 Qe5 25.Rxg7+ Kxg7 26.Qf4 Qxa1+ 27.Kh2 Bxe6 28.Nd4 Bf7 29.Ndf5+ gxf5
30.Nxf5+ Kf8 31.Nxe7 Nd7 32.Nf5 Re8 33.Qd6+ Kg8 34.Nh6+ Kg7 35.Qxd7 Qe5+
36.Kg2 Qe4+ 37.Kh2 Qxc2+ 38.Kg1 Qg6 39.Nf5+ Kh8 40.Nh6 Qb1+ 41.Kf2 Qc2+ 42.Kg1 Bg6
43.Qd6 Qb1+ 44.Kf2 Qb2+ 45.Kf3 Be4+ 46.Kg3 Qg2+ 47.Kh4 Qh1+ 48.Kg3 Qe1+ 49.Bf2 Qc3+
50.Kh2 Qf3 51.Qf6+ Qxf6 52.gxf6 Re6 53.Bxc5 Rxf6 54.Bd4 Kg7 55.Ng4 Kg6 56.Nxf6 Bb1
57.a3 Kf5 58.b4 Bd3 59.Kg3 Ke6 60.Kf4 a6 61.Ng4 Kd6 62.Ne5 Be2 63.Bc5+ Ke6
64.Nc6  1-0

[Event "2nd Open"]
[Site "Riva del Garda ITA"]
[Date "2004.12.28"]
[Round "4"]
[White "Cappai,D"]
[Black "Agostini,G"]
[Result "1-0"]
[WhiteElo "2120"]
[BlackElo "2067"]

1.e4 d6 2.d4 Nf6 3.Nc3 c6 4.Be2 g6 5.Be3 Bg7 6.a3 Nbd7 7.Qd2 e5 8.O-O-O Qa5
9.Kb1 b5 10.Nxb5 Qxd2 11.Nxd6+ Ke7 12.Bxd2 Kxd6 13.dxe5+ Kc7 14.exf6 Bxf6
15.f4 Nb6 16.Ba5 Be6 17.Ba6 Rad8 18.Nf3 Bg4 19.Be2 Kb7 20.e5 Be7 21.h3 Be6
22.Bxb6 axb6 23.Nd4 Bd5 24.Bf3 Bh4 25.Ne2 Bxf3 26.gxf3 Bf2 27.c3 c5 28.c4 Kc6
29.Nc3 Be3 30.Nd5 Bd4 31.a4 Rde8 32.h4 h6 33.Nf6 Re6 34.Kc2 Rxf6 35.exf6 Bxf6
36.Rd5 Re8 37.Rhd1 Re2+ 38.R1d2 Rxd2+ 39.Rxd2 Bxh4 40.Rh2 Bg3 41.Rxh6 Bxf4
42.Rh7 f6 43.Rf7 Be5 44.f4 Bd4 45.Rg7 g5 46.fxg5 fxg5 47.Rxg5 Kc7 48.Rd5 Bg7
49.Rg5 Bd4 50.Rg4 Bf2 51.Rg7+ Kc6 52.b3 Bd4 53.Rh7 Ba1 54.Kd3 Bb2 55.Ke4 Bd4
56.b4 Bc3 57.b5+ Kd6 58.Rb7 Ba5 59.Kf5  1-0

[Event "2nd Open"]
[Site "Riva del Garda ITA"]
[Date "2004.12.28"]
[Round "5"]
[White "Cappai,D"]
[Black "Giancotti,E"]
[Result "1-0"]
[WhiteElo "2120"]
[BlackElo "2093"]

1.e4 d6 2.d4 Nf6 3.Nc3 c6 4.Be2 Qa5 5.f3 e5 6.Be3 Be7 7.Qd2 Nbd7 8.Nh3 b5
9.O-O Qc7 10.a3 Nf8 11.Nf2 Ng6 12.Nd3 Nh5 13.d5 Bb7 14.dxc6 Bxc6 15.Nb4 a6
16.Ncd5 Bxd5 17.Nxd5 Qb7 18.Rfd1 Bd8 19.a4 Rb8 20.axb5 axb5 21.Ra7 Qc8 22.g3 O-O
23.c4 bxc4 24.Rc1 Rb7 25.Rxc4 Qb8 26.Rxb7 Qxb7 27.Ra4 Nf6 28.Nxf6+ Bxf6 29.b4 Rd8
30.Bc4 Ne7 31.Qa2 d5 32.exd5 Nxd5 33.Bxd5 Qxd5 34.Qxd5 Rxd5 35.b5 Rd8 36.b6 Be7
37.b7 Bd6 38.Ra8 Rf8 39.Rxf8+ Kxf8 40.Ba7 Ke7 41.Kg2 Ke6 42.b8=Q Bxb8 43.Bxb8 h5
44.Kf2 Kf5 45.Ke3 e4 46.fxe4+ Kg4 47.h4 g5 48.hxg5 Kxg5 49.Kf3 f6 50.Bf4+ Kg6
51.Bd2  1-0

[Event "Open A"]
[Site "Robecchetto ITA"]
[Date "2004.12.29"]
[Round "6"]
[White "Pace,P"]
[Black "Paleologu,V"]
[Result "1-0"]
[WhiteElo "2130"]
[BlackElo "2134"]

1.e4 d6 2.d4 Nf6 3.Nc3 c6 4.Nf3 Bg4 5.Be2 e6 6.h3 Bxf3 7.Bxf3 d5 8.O-O Be7
9.Be3 O-O 10.g3 Nbd7 11.Bg2 dxe4 12.Nxe4 Nxe4 13.Bxe4 e5 14.dxe5 Nxe5 15.Bxh7+ Kxh7
16.Qh5+ Kg8 17.Qxe5 Bf6 18.Qh5 Bxb2 19.Rab1 Qf6 20.Qg4 Rfe8 21.Rfd1 Rad8
22.Rxd8 Rxd8 23.Bg5  1-0

[Event "Open A"]
[Site "Krakow POL"]
[Date "2004.12.30"]
[Round "4"]
[White "Bindrich,F"]
[Black "Lubczynski,R"]
[Result "0-1"]
[WhiteElo "2351"]
[BlackElo "2252"]

1.e4 d6 2.d4 Nf6 3.Nc3 e5 4.Nf3 Nbd7 5.Bc4 Be7 6.O-O O-O 7.Re1 c6 8.a4 b6
9.b3 Bb7 10.Bb2 a6 11.Bd3 Re8 12.Ne2 Bf8 13.Ng3 b5 14.c3 Qb6 15.b4 bxa4 16.Qxa4 c5
17.dxc5 dxc5 18.Bc4 Qc7 19.Ng5 Nb6 20.Qa5 Re7 21.Ba2 c4 22.Bc1 Nc8 23.Qxc7 Rxc7
24.Nf3 Nd6 25.Nxe5 Nfxe4 26.Nxe4 Nxe4 27.Bb2 Nd6 28.Bb1 g6 29.Bc2 Bg7 30.f4 f6
31.Nf3 Bxf3 32.gxf3 f5 33.Re6 Nb5 34.Raxa6 Rxa6 35.Rxa6 Bxc3 36.Ra5 Bxb2
37.Rxb5 Bc1 38.Kf1 Bxf4 39.h3 Kg7 40.Rd5 Kf6 41.Kf2 Ke6 42.Rd1 Bd6 43.b5 Rb7
44.Rb1 Kd5 45.Ke3 Re7+ 46.Kd2 Kd4 47.Rg1 Bf4+ 48.Kd1 Ra7 49.Bb1 Kc3 50.Ke2 Re7+  0-1

[Event "20th Open"]
[Site "Nice FRA"]
[Date "2004.12.30"]
[Round "7"]
[White "Nelis,JF"]
[Black "Drogou,G"]
[Result "0-1"]
[WhiteElo "2217"]
[BlackElo "2094"]

1.e4 d6 2.d4 Nf6 3.Nc3 e5 4.Nf3 Nbd7 5.Bc4 h6 6.O-O c6 7.a4 Qc7 8.Be3 Be7
9.h3 g5 10.Qb1 Nf8 11.Qa2 Rh7 12.Rad1 g4 13.dxe5 gxf3 14.exf6 fxg2 15.Rfe1 Bxf6
16.e5 dxe5 17.Bc5 Be7 18.Bxe7 Qxe7 19.Ne4 Ng6 20.Bxf7+ Rxf7 21.Nd6+ Kf8 22.Nxf7 Be6
23.Qa3 Qxa3 24.bxa3 Kxf7 25.Kxg2 Re8 26.Rb1 Bd5+ 27.Kh2 c5 28.a5 Nh4 29.Red1 Ke6
30.f4 exf4 31.Re1+ Kf7 32.Rxe8 Kxe8 33.Rb5 Nf3+ 34.Kg2 Nd4+  0-1

[Event "Open A"]
[Site "Krakow POL"]
[Date "2005.01.02"]
[Round "6"]
[White "Moranda,W"]
[Black "Lubczynski,R"]
[Result "1-0"]
[WhiteElo "2458"]
[BlackElo "2252"]

1.e4 d6 2.d4 Nf6 3.Nc3 e5 4.Nf3 Nbd7 5.g4 Nxg4 6.Rg1 exd4 7.Nxd4 Nde5 8.h3 c5
9.hxg4 cxd4 10.Nb5 Qa5+ 11.Bd2 Qb6 12.c3 d3 13.a4 Qc6 14.Be3 a6 15.Nd4 Qxe4
16.Bg2 d2+ 17.Qxd2 Qd3 18.Qxd3 Nxd3+ 19.Kd2 Ne5 20.Rae1 Be7 21.f4 Nc4+ 22.Kc1 O-O
23.Bf2 Bd8 24.b3 Na5 25.b4 Nc4 26.a5 Rb8 27.Bd5 Nxa5 28.bxa5 Bxa5 29.Rg3 Bd7
30.Nf5 Bc6 31.Bxc6 bxc6 32.Ne7+ Kh8 33.Rh1 h6 34.Nxc6 Rb5 35.c4 Bd2+ 36.Kxd2 Rb2+
37.Ke3 Rc8 38.Nd4 Rxc4 39.Be1  1-0

[Event "Open A"]
[Site "Krakow POL"]
[Date "2005.01.03"]
[Round "8"]
[White "Stryjecki,M"]
[Black "Cherednichenko,S"]
[Result "1-0"]
[WhiteElo "2415"]
[BlackElo "2225"]

1.e4 d6 2.d4 Nf6 3.Nc3 e5 4.Nf3 Nbd7 5.Bc4 Be7 6.O-O O-O 7.Re1 c6 8.a4 a5
9.b3 b6 10.Bb2 Bb7 11.Qd2 Qc7 12.Rad1 Kh8 13.h3 Nh5 14.Bf1 Nf4 15.dxe5 Nxh3+
16.gxh3  1-0